• 首页
  • 本馆介绍
  • 公告通知
  • 最新文献
  • 馆藏检索
  • 电子资源
  • 读者导购
  • 参考咨询
  • 我的图书馆
  • 登录
  • 详细信息显示
  • 放入我的书架
  • 预约/预借图书
  • 作者相关作品
  • 分类相关作品
  • 丛书相关作品
  • 出版社相关作品

书目信息

  • 表格格式
  • 工作单格式
  • 卡片格式
题名:
素质教育在美国
    
 
作者: 黄全愈 著
分册: 3   玩的教育
出版信息: 武汉   长江文艺出版社  2017
页数: 19,250页
开本: 23cm
丛书名: 大教育书系
单 册:
中图分类: G610 , G40-012
科图分类:
主题词: 儿童教育--素质教育--美国 , 教育学
电子资源:
ISBN: 978-7-5354-9632-4
000 01009oam2 2200289 450
001 5694
005 20180530160553.89
010    @a978-7-5354-9632-4@dCNY32.00
100    @a20170802d2017 em y0chiy50 ea
101 0  @achi
102    @aCN@b420000
105    @ay z 000yy
200 1  @a素质教育在美国@Asu zhi jiao yu zai mei guo@9wan de jiao yu@h3@i玩的教育@f(美)黄全愈著
210    @a武汉@c长江文艺出版社@d2017
215    @a19,250页@d23cm
225 1  @a大教育书系@i素质教育在美国@v3
330    @a本书将回答:中美文化对“玩”的不同认识。什么是“玩”的科学含义?怎样理解“玩”在孩子生长发育过程中的作用?孩子应该怎样玩?一个怎样的生长环境才是最适宜孩子全面发育的环境?
461  0 @12001 @a大教育书系
462  0 @12001 @a素质教育在美国
517 1  @a玩的教育@Awan de jiao yu
606 0  @a儿童教育@x素质教育@y美国
606 0  @a教育学
690    @aG610@v5
690    @aG40-012@v4
701  0 @c(美)@a黄全愈@9huang quan yu@4著
801  0 @aCN@b91MARC@c20170802
905    @aMuseLib@dG40-012@e847:3
    
    素质教育在美国.3.玩的教育/(美)黄全愈著.-武汉:长江文艺出版社,2017
    19,250页;23cm.-(大教育书系.素质教育在美国;3)
    
    
    ISBN 978-7-5354-9632-4:CNY32.00
    本书将回答:中美文化对“玩”的不同认识。什么是“玩”的科学含义?怎样理解“玩”在孩子生长发育过程中的作用?孩子应该怎样玩?一个怎样的生长环境才是最适宜孩子全面发育的环境?
●
相关链接 在E读中查询图书 在五车中查询图书 在当当中查询图书 在豆瓣中查询图书


正题名:素质教育在美国     索取号:G40-012/847:3         预约/预借

序号 登录号 条形码 馆藏地/架位号 状态 备注
1 1114402   211144028   第一样本阅览室/ [索取号:G40-012/847:3] 在馆    
2 1114403   211144037   教育系资料室/ [索取号:G40-012/847:3] 在馆    
3 1114404   211144046   教育系资料室/ [索取号:G40-012/847:3] 在馆    
4 1114405   211144055   教育系资料室/ [索取号:G40-012/847:3] 在馆    
5 1114406   211144064   第四借阅区/ [索取号:G40-012/847:3] 在馆    
6 1114407   211144073   第四借阅区/ [索取号:G40-012/847:3] 在馆    
唐山师范学院图书馆 欢迎您!
大连网信软件有限公司© 版权所有